O jogo de não jogar (Record no. 49067)

MARC details
000 -LÍDER
campo de controle de tamanho fixo 00378 a2200169 4500
001 - NÚMERO DE CONTROLE
campo de controle 49067
020 ## - ISBN - INTERNATIONAL STANDARD BOOK NUMBER
ISBN - International Standard Book Number 85-7056-588-7
040 ## - FONTE DA CATALOGAÇÃO
Instituição que transcreveu o registro Anchieta - Bela Vista
100 ## - ENTRADA PRINCIPAL--NOME PESSOAL
Nome pessoal Ladeira, Julieta de Godoy
240 10 - TÍTULO UNIFORME
Título uniforme O jogo de não jogar
Idioma da obra por
245 10 - TÍTULO
Título O jogo de não jogar
300 ## - DESCRIÇÃO FÍSICA
Extensão 51
362 0# - DATAS DE PUBLICAÇÃO E/OU DESIGNAÇÃO SEQUENCIAL
Datas de publicação e/ou designação sequencial 1994
440 #1 - DECLARAÇÃO DE SÉRIE/ENTRADA ADICIONADA--TÍTULO
Título Atual
650 #4 - ASSUNTO--TERMO TÓPICO
Cabeçalho tópico ou nome geográfico Literatura juvenil
942 ## - ELEMENTOS DE ENTRADA ADICIONADOS (KOHA)
Tipo de material Koha Livros
Holdings
Situação do descarte Situação das perdas Situação física Não pode ser emprestado Biblioteca de origem Biblioteca atual Data de aquisição Total de empréstimos Número de chamada completo Código de barras Data de último acesso Data do preço efetivo Tipo de material Koha Fonte da classificação ou esquema de arquivamento na estante Número do exemplar
        Colégio Anchieta - Bela Vista Colégio Anchieta - Bela Vista 21/11/2023   LJ 028.5 L154j LAD JOG 1528/BEL 21/11/2023 21/11/2023 Livros    
        Colégio Anchieta - Bela Vista Colégio Anchieta - Bela Vista 21/11/2023   LJ 028.5 L154j LAD JOG 1529/BEL 21/11/2023 21/11/2023 Livros    
        Colégio Anchieta - Bela Vista Colégio Anchieta - Bela Vista 21/11/2023   LJ 028.5 L154j LAD JOG 1530/BEL 21/11/2023 21/11/2023 Livros    
        Portinari - Salvador Portinari - Salvador 13/06/2024   028.5 L154j 0510/CCP 13/06/2024 13/06/2024 Livros   Ex. 1